| 000 | 01498cam a2200385 i 4500 | ||
|---|---|---|---|
| 001 | 200440750 | ||
| 999 |
_c200440750 _d58962 |
||
| 003 | TR-AnTOB | ||
| 005 | 20240824073707.0 | ||
| 007 | ta | ||
| 008 | 770517s1976 fr b i00010 eng | ||
| 010 | _a77360723 | ||
| 020 | _a9264115803 : | ||
| 040 |
_aDLC _beng _erda _cDLC _dCIN _dTR-AnTOB |
||
| 041 | 0 | _aeng | |
| 050 | 0 | 4 |
_aHD5106 _b.L54 1976 |
| 090 |
_aHD5106 _b.L54 1976 |
||
| 245 | 0 | 0 |
_aLifelong allocation of time : _breport / _cprepared by J. de Chalendar in co-operation with a group of experts |
| 264 | 1 |
_aParis : _bOrganisation for Economic Co-operation and Development, _c1976. |
|
| 264 | 2 |
_a[Washington, D.C. : _bfor sale by OECD Publications Center], _c1976. |
|
| 300 |
_a84 pages ; _c24 cm |
||
| 336 |
_2rdacontent _atext _btxt |
||
| 337 |
_2rdamedia _aunmediated _bn |
||
| 338 |
_2rdacarrier _avolume _bnc |
||
| 490 | 0 | _aDocument - Organisation for Economic Co-operation and Development | |
| 500 | _aReport of 1974 meeting of experts organized under Manpower and Social Affairs Committee as follow up to OECD Multipartite International Conference on New Patterns for Working Time, 1972 | ||
| 504 | _aBIB | ||
| 650 | 0 |
_aHours of labor _9133515 |
|
| 650 | 0 |
_aTime management _94537 |
|
| 653 | _aHours of labor | ||
| 700 | 1 |
_aChalendar, Jacques de _eeditor _9130369 |
|
| 710 | 2 | 0 |
_aOrganisation for Economic Co-operation and Development _bManpower and Social Affairs Committee _933753 |
| 942 |
_2lcc _cBK |
||